Breve recopilación de antecedentes sobre desechos sólidos

Αποθηκεύτηκε σε:
Λεπτομέρειες βιβλιογραφικής εγγραφής
Κύριος συγγραφέας: Szanto Narea, Marcel (Συγγραφέας)
Μορφή: Βιβλίο
Γλώσσα:Ισπανικά
Έκδοση: Valparaíso Universidad Católica de Valparaíso 1976
Θέματα:
Ετικέτες: Προσθήκη ετικέτας
Δεν υπάρχουν, Καταχωρήστε ετικέτα πρώτοι!

MARC

LEADER 00000nam a2200000 a 4500
001 UCU6678
003 CL-VaPUC
008 960621e19760000CL |||||||||||||||||spa|d
082 0 4 |a 628.445  |b SZA  |2 21 
100 0 |a Szanto Narea, Marcel  |e author  |9 364994 
245 1 0 |a Breve recopilación de antecedentes sobre desechos sólidos 
300 |a 90 p 
942 |c BK 
945 |d 19960621 00:00:00  |a paguirre 
260 |a Valparaíso  |b Universidad Católica de Valparaíso  |c 1976 
500 |a Cartilla elaborada para la Escuela de Sanidad Naval 
650 0 |a Residuos   |9 343036 
650 7 |a ELIMINACION DE RESIDUOS  |2 CL-VaPUC  |9 332226 
650 7 |a PRODUCTOS DESECHABLES  |2 CL-VaPUC  |9 364383 
650 7 |a HIGIENE AMBIENTAL  |2 CL-VaPUC  |9 364394 
650 0 |a Tecnología sanitaria  |9 262722 
650 0 |a Tratamiento de residuos  |9 262890 
650 7 |a BASURA  |2 CL-VaPUC  |9 349548 
583 |a last modification  |c 19960621 00:00:00  |k Rodrigo Vera 
999 |c 249511  |d 249509 
952 |0 0  |1 0  |4 0  |6 628_445000000000000_SZA_1976  |7 0  |8 A  |9 266792  |a BIBING  |b BIBING  |d 2019-11-19  |i 1692054  |o 628.445 SZA 1976  |p 1692054  |r 2023-03-02  |w 2019-11-19  |y BK  |k CCL